000 00721nam a22002057a 4500
003 OSt
005 20221006154926.0
008 221006b |||||||| |||| 00| 0 eng d
020 _a84-7232-659-4
040 _cBiblioteca Lado V
082 _a769.946
_bB292t
100 _988
_aBartolomé, Martin
_edirector
245 _aTerritorios de Papel/
_bGrabados de cuatro artistas españoles/
260 _aMadrid
_bInstituto de Cooperación Iberoamericana
_c1994
300 _a62p.
_c21x28cm
650 _2Tesauro de Arte & Arquitectura
_aGRABADOS
650 _2Tesauro de Arte & Arquitectura
_aARTE ESPAÑOL
650 _2Tesauro de Arte & Arquitectura
_aESPANA
942 _2ddc
_c1
_h769.946
_iB292t
_n0
999 _c2197
_d2197